Mit akar a Keresztény Szó

Elmentve itt :
Bibliográfiai részletek
Szerző: FODOR Sándor
Adatforrás:Meister
Forrásdokumentuma:A Hét. -
6 sz., 1990, 7 p.
Nyelv:magyar
Kulcsszavak:sajtótörténet
sajtó
Keresztény Szó
LEADER 00369nab a2200145 i 4500
001 bibPRO00003242
008 060524s1990 xx hun
040 |a Sz1 
041 |a hun 
100 1 |a FODOR Sándor 
245 1 0 |a Mit akar a Keresztény Szó  |c FODOR Sándor 
695 |a sajtótörténet 
695 |a sajtó 
695 |a Keresztény Szó 
773 0 |t A Hét. -  |g 6 sz., 1990, 7 p.